000 00781nam a2200253 i 4500
001 88804
003 ES-MaACL
005 20230906175935.0
007 t|
008 041213s1988 sp ||||1| spa d
020 _a84-376-0746-9
080 _a316.2 Harbermas, Jürgen
080 _a1 Habermas, Jürgen
245 0 0 _aHabermas y la modernidad /
_cAnthony Guiddens ... [et al.] ; introducción de Richard J. Bernstein.
260 _aMadrid :
_bCátedra,
_c[1988]
300 _a346 p. ;
_c19 cm.
490 1 _aTeorema. Serie menor
600 1 4 _aHabermas, Jürgen.
_961376
700 1 _aGuiddens, Anthony.
_960654
700 1 _aBernstein, Richard J.
_928362
830 0 _aTeorema. Serie menor
_9184078
852 _aES-MaACL
_jE-10627
_bR.134753
999 _c88804
_d88804